Analýza porušenia rúrok tepelného výmenníka olej - voda
Gespeichert in:
| 1. Verfasser: | |
|---|---|
| Weitere Verfasser: | |
| Format: | Manuskript Buch |
| Sprache: | Slowakisch |
| Veröffentlicht: |
Bratislava :
STU v Bratislave SjF,
2013
|
| Schlagworte: | |
| Online-Zugang: | VAIS |
| Tags: |
Keine Tags, Fügen Sie das erste Tag hinzu!
|
MARC
| LEADER | 00000ntm a22000003a 4500 | ||
|---|---|---|---|
| 001 | stu286857 | ||
| 005 | 20150617230257.2 | ||
| 008 | 140321s2013----xo------------------slo-d | ||
| 040 | |a STU |b slo | ||
| 041 | 0 | |a slo | |
| 044 | |a xo | ||
| 100 | 1 | |a Laktiš, Miroslav, |d 1971- |4 aut |u J |T SjF Strojnícka fakulta |X 51539 |U J |Y 20 |7 A000051539 | |
| 242 | 0 | 0 | |a Analyse of oil-water heat exchanger tube breaking |y eng |
| 245 | 1 | |a Analýza porušenia rúrok tepelného výmenníka olej - voda | |
| 260 | |a Bratislava : |b STU v Bratislave SjF, |c 2013 | ||
| 650 | 7 | |a Production Processes and Materials |2 estusub | |
| 650 | 7 | |a heat exchanger |2 estusub | |
| 650 | 7 | |a tepelný výmenník |2 stusub | |
| 650 | 7 | |a metalografia |2 stusub | |
| 650 | 7 | |a strojárske technológie a materiály |2 stusub | |
| 700 | 1 | |a Gábrišová, Zuzana, |d 1973- |4 ths |u J280 |U SjF Ústav technológií a materiálov |T SjF Katedra materiálov a technológií |X 2262 |U J280 |Y 52 |7 A000002262 | |
| 856 | 4 | |a info a plný text |u http://is.stuba.sk/zp/portal_zp.pl?podrobnosti=94644 |3 VAIS | |
| 996 | |b 284J042347 |c J*1343/DP |l JJSK |s A |a 24 |w stu286857_0001 | ||